| 000 | 00501nam a22001577a 4500 | ||
|---|---|---|---|
| 003 | OSt | ||
| 005 | 20150906140835.0 | ||
| 008 | 150906b xxu||||| |||| 00| 0 eng d | ||
| 040 | _cRUA | ||
| 082 | _aAGR សោ 1990 B001 Or.1 | ||
| 100 |
_9103 _aសោ វណ្ណា |
||
| 245 | _aឥទ្ធិពលនៃចំនួនគុម្ពនិងជីទៅលើទិន្នផលស្ពៃស្កឹក | ||
| 260 |
_aPhnom Penh _bRUA _c1990 |
||
| 300 |
_a147p. _bill. _c29cm. |
||
| 942 |
_2ddc _cAGR |
||
| 999 |
_c97 _d97 |
||